Women and work : the economic value of college training /

Bibliographic Details
Main Author: Bennett, Helen M.
Format: Microform Book
Language:English
Published: New York : Appleton, 1917.
Series:Women's history, a literature of struggle ; no. D11.
Subjects:

MARC

Tag First Indicator Second Indicator Subfields
LEADER 00000cam a2200000 a 4500
001 in00000019404
005 20151007053614.0
007 he amb|||||||
008 880629r19761917nju b 00010 eng d
035 |a (OCoLC)18147858 
035 |9 AAB2213AM 
040 |a TXA  |c TXA  |d UtOrBLW 
049 |a TXAI 
099 |a fiche  |a C  |a 7794 
100 1 |a Bennett, Helen M. 
245 1 0 |a Women and work :  |b the economic value of college training /  |c by Helen M. Bennett. 
264 1 |a New York :  |b Appleton,  |c 1917. 
300 |a 286 pages 
336 |a text  |b txt  |2 rdacontent 
337 |a microform  |b h  |2 rdamedia 
338 |a microfiche  |b he  |2 rdacarrier 
500 |a Series is a subseries of the Gerritsen collection of women's history. 
533 |a Microfiche.  |b Glen Rock, N.J. :  |c Microfilming Corp. of America,  |d 1976.  |e 4 microfiches ; 11 x 15 cm.  |f (Women's history: a literature of struggle ; no. D11). 
500 |a Microform. 
650 0 |a Women  |x Employment. 
650 0 |a Women  |x Education. 
830 0 |a Women's history, a literature of struggle ;  |v no. D11. 
999 |a MARS 
999 f f |s 35a19b93-5e26-307b-822b-7d852010959b  |i d37d1413-e322-354b-af06-883f5ce35ee8  |t 0 
952 f f |p normal  |a Texas A&M University  |b College Station  |c Sterling C. Evans Library  |d Evans: Microforms (3rd floor)  |t 0  |e fiche C 7794  |h Other scheme  |i microform -- microfiche  |m A14822804095 
998 f f |a fiche C 7794  |t 0  |l Evans: Microforms (3rd floor)